| 000 | 00945cam a2200205 a 4500 | ||
|---|---|---|---|
| 001 | 4416193 | ||
| 005 | 20241106192031.0 | ||
| 008 | 930922s1994 waua 001 0 eng | ||
| 020 |
_a9781556156182 _c$49.95 ($67.95 Can.) |
||
| 050 | 0 | 0 |
_aQA76.64 _b.B76 1993 |
| 082 | 0 | 0 |
_a005.4/3 _220 |
| 100 | 1 |
_aBrockschmidt, Kraig, _d1968- |
|
| 245 | 1 | 0 |
_aInside OLE 2 : _bthe fast track to building powerful object-oriented applications / _cKraig Brockschmidt. |
| 260 |
_aRedmond, Wash. : _bMicrosoft Press, _cc1994. |
||
| 300 |
_axxii, 977 p. : _bill. ; _c24 cm. + _e2 computer disks (3 1/2 in.). |
||
| 500 | _aSystem requirements for computer disks: IBM-compatible PC; DOS; Windows; Windows 3.1 Software Development Kit; Microsoft C 7, Microsoft Visual C++ 1, or other C++ compiler; OLE 2 Software Development Kit; hard disk with 6MB free space. | ||
| 500 | _aIncludes index. | ||
| 650 | 0 | _aObject-oriented programming (Computer science) | |
| 942 |
_2lcc _cBK _n0 |
||
| 999 |
_c757 _d757 |
||